00938nmc a2200253 a 4500003000900000005001700009008004100026040001300067110011700080245011500197260002300312300003200335490003700367500007500404650003500479650001500514650002400529650001500553651001200568653002800580653002500608653002300633700002800656AR-BaBNM20251128204019.0057019s1976 ||||||||||||||000 | spa|| cAR-BaBNM2 aInstitut National de Recherche et de Documentation PédagogiquesbService des Etudes et Recherches Pedagogiques10aMathématiques au cours préparatoirebcompte rendu d'une expérimentation : représentations ensemblistes aNancybINRDPc1976 a195 p.bil., diagr., tablas 0aRecherches pédagogiquesvv. 81 aINRDP: INSTITUT NATIONAL DE RECHERCHE ET DE DOCUMNETATION PEDAGOGIQUES 4aENSEÑANZA DE LAS MATEMATICAS 4aARITMETICA 4aTECNICAS DIDACTICAS 4aMATEMATICA 4aFrancia aINVESTIGACION EDUCATIVA aEDUCACION SECUNDARIA aEDUCACION PRIMARIA1 aColomb, J.eprologuista